000 00851nam a22002177a 4500
999 _c12242
_d12242
003 AR-CdUCM
008 190408b ||||| |||| 00| 0 spa d
040 _aMUNICIPALIDAD PROVINCIAL DEL CUSCO
_cBIBLIOTECA MUNICIPAL DEL CUSCO
082 _a862.3 /
_bC14 / 1717
100 _aCalderon De La Barca, Pedro
_9647
245 _aAvtos sacramentales, alegóricos y historiales /
260 _aMadrid :
_bManvel Rviz,
_c1717.
300 _a399 páginas ;
_c20.5 cm.
500 _aLa escritura esta tal como esta en el libro.
505 _aContenido: A dios por razón de Efado -- El viatico cordero -- A María el corazón -- Las ordenes militares -- El gran teatro del mundo ...
650 _aLiteratura española
_9362
650 _aSacramentos
_97410
700 _aPando y Mier, Pedro De
_930000
942 _2ddc
_cLIBROS
945 _aacv
_d08/04/2019